000 00727cam a22002173a 4500
001 45282
003 PGUSA
005 20140828084035.0
008 140331s2014||||xxu|||||s|||||000 | eng d
040 _aPGUSA
_beng
042 _adc
100 1 _aUnknown
245 1 4 _aThe History of the Devils of Loudun, Volumes I-III :
_bThe Alleged Possession of the Ursuline Nuns, and the Trial and Execution of Urbain Grandier, Told by an Eye-witness
_h[electronic resource] /
_cUnknown
260 _bProject Gutenberg,
_c2014
506 _aPublic domain in the USA.
516 _aElectronic text
700 1 _aGoldsmid, Edmund
830 0 _aProject Gutenberg
_v45282
856 4 0 _uhttp://www.gutenberg.org/ebooks/45282
942 _cEB
999 _c274533
_d274533